[Event "Test Tournament"]
[Site "Emanuel Lasker Arena"]
[Date "2024.04.09"]
[Round "1"]
[White "Roberta Draper"]
[Black "Thomas Kydd"]
[Result "*"]
[WhiteElo "1620"]
[BlackElo "2405"]
[Annotator "TA"]
[PlyCount "75"]
[EventDate "2024.04.09"]
[EventType "swiss (blitz)"]

{[%evp 16,75,23,11,0,0,10,0,8,-10,9,17,20,-31,0,-33,-45,-37,-42,-143,130,-253,0,0,0,-11,0,-354,-342,-563,-557,-737,-631,-658,-633,-759,-742,-887,-887,-864,-223,-202,-210,-189,-64,-56,-58,-287,-237,-456,-387,-910,-909,-689,-497,-474,-468,-433,-357,-357,-262,-592]} 1. e4 {[%emt 0:00:01]} c5 {[%emt 0:00:01]} 2. Nf3 {[%emt 0:00:01]} d6 {[%emt 0:00:01]} 3. d4 {[%emt 0:00:01]} cxd4 {[%emt 0:00:01]} 4. Nxd4 {[%emt 0:00:01]} Nf6 {[%emt 0:00:01]} 5. Nc3 {[%emt 0:00:01]} a6 {[%emt 0:00:00]} 6. Bg5 {[%emt 0:00:01]} e6 {[%emt 0:00:01]} 7. f4 {[%emt 0:00:01]} h6 {[%emt 0:00:01]} 8. Bh4 {[%emt 0:00:01][%cal Bg5h4,Bh4f2,Bf2d4][%mdl 32]} Qb6 {[%emt 0:00:01]} 9. a3 {[%emt 0:00:01]} Be7 {[%emt 0:00:01][%cal Of6e4]} (9... Qxb2 $2 10. Na4 $18) 10. Bf2 {[%emt 0:00:01][%cal Od4e6]} Qc7 $1 {[%emt 0:00:01]} (10... Qxb2 $2 11. Na4 $18) 11. Qf3 {[%emt 0:00:01]} Nc6 {[%emt 0:00:01] The position is equal.} 12. O-O-O {[%emt 0:00:01]} Bd7 {[%emt 0:00:01]} 13. g4 {[%emt 0:00:01]} b5 {[%emt 0:00:07]} 14. h4 {[%emt 0:00:02]} (14. Rg1 $11) 14... Nxd4 $15 {[%emt 0:00:01]} 15. Bxd4 {[%emt 0:00:01] Black must now prevent g5.} e5 {[%emt 0:00:09]} 16. fxe5 {[%emt 0:00:04]} dxe5 {[%emt 0:00:01]} 17. g5 {[%emt 0:00:04]} ({White has to play} 17. Qg3 $15 Bd6 (17... Nxg4 18. Nd5 $16) 18. Be3) 17... Bg4 $2 {[%emt 0:00:01][%mdl 8192]} (17... exd4 $17 {and life is bright.} 18. gxf6 dxc3 (18... Bxf6 19. Nd5 $11) 19. fxe7 cxb2+ (19... Kxe7 20. bxc3 Rhe8 21. Rg1 $11) 20. Kxb2 Kxe7 (20... Rc8 21. c3 $17)) 18. Nd5 {[%emt 0:00:04][%mdl 8192] [#]} (18. Qg3 $1 $16 Nd7 (18... Bxd1 $2 19. gxf6 Bxf6 20. Nxd1 $18) 19. Nd5 (19. Qxg4 exd4 20. Nd5 Qe5 $18)) 18... Qxc2+ $2 {[%emt 0:00:01]} (18... Qd7 $1 $19 19. Qg3 Nxd5 (19... Bxd1 $2 20. gxf6 Bxf6 21. Bxe5 $18)) 19. Kxc2 $11 {[%emt 0:00:01]} Bxf3 {[%emt 0:00:01]} 20. gxf6 {[%emt 0:00:01]} Bxe4+ {[%emt 0:00:00]} (20... Bxd1+ $2 21. Kxd1 gxf6 22. Nc7+ Kd8 23. Nxa8 $18) 21. Rd3 $2 {[%emt 0:00:02][%mdl 8192]} Bxd5 $19 {[%emt 0:00:01]} (21... Bxh1 $2 {too greedy.} 22. Nc7+ (22. Nxe7 gxf6 23. Bc5 Be4 $17) (22. fxg7 Rc8+ 23. Kd2 Rg8 $17) 22... Kf8 23. fxe7+ Kxe7 24. Bc5+ (24. Bxe5 Be4 $14) 24... Kf6 25. Nxa8 Rxa8 26. Kd2 $18) 22. fxg7 $2 {[%emt 0:00:01]} (22. Rh2 {was called for.} Bxf6 23. Bxe5) 22... Rg8 {[%emt 0:00:03]} 23. Bh3 {[%emt 0:00:03]} exd4 {[%emt 0:00:01]} (23... Bxh4 24. Bd7+ Kxd7 25. Rxh4 $19) 24. Rg1 {[%emt 0:00:03]} Bxh4 {[%emt 0:00:01]} 25. Bf5 {[%emt 0:00:02]} Bf2 {[%emt 0:00:02]} 26. Rf1 {[%emt 0:00:02]} Be3 {[%emt 0:00:01]} 27. Re1 {[%emt 0:00:02]} Rxg7 $2 {[%emt 0:00:01]} (27... Be6 28. Be4 Rd8) 28. Rxd4 {[%emt 0:00:01]} Rg2+ {[%emt 0:00:01]} 29. Kd3 {[%emt 0:00:01] [#]} Rd8 {[%emt 0:00:02]} 30. Rxe3+ $15 {[%emt 0:00:00]} Kf8 {[%emt 0:00:00][%cal Og2f2] And now ...Rf2! would win.} 31. b4 $2 {[%emt 0:00:01]} ({White should play} 31. Kc3 $15 b4+ 32. axb4) 31... h5 {[%emt 0:00:02]} 32. Bh3 $2 {[%emt 0:00:01]} (32. Kc3 {was necessary.} Rd6 33. Rh3) 32... Ra2 {[%emt 0:00:01] Strongly threatening ...Bc4+.} 33. a4 $2 {[%emt 0:00:02]} (33. Bf5) 33... Bc4+ $19 {[%emt 0:00:01]} 34. Kc3 {[%emt 0:00:01]} Rxd4 {[%emt 0:00:01]} 35. Kxd4 {[%emt 0:00:00]} Rxa4 {[%emt 0:00:01]} 36. Kc5 {[%emt 0:00:01]} Ra2 {[%emt 0:00:01]} 37. Re5 {[%emt 0:00:01]} Rc2 {[%emt 0:00:01]} 38. Bf5 $2 {[%emt 0:00:01] Weighted Error Value: White=1.00/Black=0.69.  Loses game:     	White=3     	---        Missed win:     	---       	Black=1      Mistake:       	White=6     	Black=2      Inaccurate:     	White=2     	---        OK:         	White=4     	Black=1      Best:        	White=2     	Black=6      Strong:       	---       	Black=1} (38. Kb6 {is tougher.}) *

[Event "Test Tournament"]
[Site "Emanuel Lasker Arena"]
[Date "2024.04.09"]
[Round "1"]
[White "Sauerbruch"]
[Black "Copacablanca"]
[Result "1/2-1/2"]
[WhiteElo "1620"]
[BlackElo "1922"]
[Annotator "RC"]
[PlyCount "91"]
[EventDate "2024.04.09"]
[EventType "swiss (blitz)"]

1. e4 {[%emt 0:00:01]} e5 {[%emt 0:00:01]} 2. Nf3 {[%emt 0:00:01]} Nc6 {[%emt 0:00:01]} 3. Bb5 {[%emt 0:00:01]} Nf6 {[%emt 0:00:01]} 4. d3 {[%emt 0:00:01]} Bc5 {[%emt 0:00:01]} 5. Qe2 {[%emt 0:00:01]} O-O {[%emt 0:00:01]} 6. Bxc6 {[%emt 0:00:01]} bxc6 {[%emt 0:00:01]} 7. Nxe5 {[%emt 0:00:01]} Re8 {[%emt 0:00:04]} 8. b4 {[%emt 0:00:04]} d5 {[%emt 0:00:02]} 9. bxc5 {[%emt 0:00:02]} Rxe5 {[%emt 0:00:01]} 10. Bf4 {[%emt 0:00:04]} Rh5 {[%emt 0:00:04]} 11. Nc3 {[%emt 0:00:04]} dxe4 {[%emt 0:00:03]} 12. Nxe4 {[%emt 0:00:01]} Bg4 {[%emt 0:00:03]} 13. Bxc7 {[%emt 0:00:04]} Bxe2 {[%emt 0:00:05]} 14. Bxd8 {[%emt 0:00:01]} Nxe4 {[%emt 0:00:01]} 15. Kxe2 {[%emt 0:00:01]} Rxd8 {[%emt 0:00:03]} 16. dxe4 {[%emt 0:00:02]} Rxc5 {[%emt 0:00:01]} 17. Rhd1 {[%emt 0:00:03]} Rxc2+ {[%emt 0:00:02]} 18. Ke3 {[%emt 0:00:02]} Rdd2 {[%emt 0:00:02]} 19. Rxd2 {[%emt 0:00:01]} Rxd2 {[%emt 0:00:01]} 20. Kxd2 {[%emt 0:00:01]} f5 {[%emt 0:00:02]} 21. f4 {[%emt 0:00:01]} fxe4 {[%emt 0:00:02]} 22. Ke3 {[%emt 0:00:02]} c5 {[%emt 0:00:01]} 23. Kxe4 {[%emt 0:00:01]} h6 {[%emt 0:00:02]} 24. Rd1 {[%emt 0:00:02]} Kf7 {[%emt 0:00:01]} 25. Rd6 {[%emt 0:00:02]} Kg8 {[%emt 0:00:01]} 26. Rc6 {[%emt 0:00:01]} c4 {[%emt 0:00:01]} 27. Rxc4 {[%emt 0:00:01]} a5 {[%emt 0:00:01]} 28. Ke5 {[%emt 0:00:01]} Kh8 {[%emt 0:00:01]} 29. Rc3 {[%emt 0:00:01]} a4 {[%emt 0:00:01]} 30. f5 {[%emt 0:00:01]} a3 {[%emt 0:00:01]} 31. Rc8+ {[%emt 0:00:01]} Kh7 {[%emt 0:00:01]} 32. Ra8 {[%emt 0:00:01]} g6 {[%emt 0:00:01]} 33. f6 {[%emt 0:00:01]} g5 {[%emt 0:00:01]} 34. f7 {[%emt 0:00:00]} h5 {[%emt 0:00:01]} 35. f8=Q {[%emt 0:00:01]} Kg6 {[%emt 0:00:01]} 36. Ra6+ {[%emt 0:00:01]} Kh7 {[%emt 0:00:01]} 37. h4 {[%emt 0:00:01]} gxh4 {[%emt 0:00:01]} 38. g4 {[%emt 0:00:01]} hxg4 {[%emt 0:00:00]} 39. Kf5 {[%emt 0:00:01]} h3 {[%emt 0:00:00]} 40. Rg6 {[%emt 0:00:01]} h2 {[%emt 0:00:00]} 41. Rb6 {[%emt 0:00:01]} h1=Q {[%emt 0:00:00]} 42. Qe7+ {[%emt 0:00:00]} Kh8 {[%emt 0:00:01]} 43. Kxg4 {[%emt 0:00:00]} Qg1+ {[%emt 0:00:00]} 44. Kh5 {[%emt 0:00:00]} Qxb6 {[%emt 0:00:00]} 45. Qf7 {[%emt 0:00:01]} Qg6+ {[%emt 0:00:01]} 46. Qxg6 {[%emt 0:00:00] (Lag: Av=0.05s, max=0.1s)} 1/2-1/2

[Event "Test Tournament"]
[Site "Emanuel Lasker Arena"]
[Date "2024.04.09"]
[Round "1"]
[White "Sauerbruch"]
[Black "Bauernklopper"]
[Result "0-1"]
[WhiteElo "1620"]
[BlackElo "1620"]
[Annotator "NA RC"]
[PlyCount "24"]
[EventDate "2024.04.09"]
[EventType "swiss (blitz)"]

1. e4 {[%emt 0:00:01]} e5 {[%emt 0:00:01]} 2. Nf3 {[%emt 0:00:01]} Nc6 {[%emt 0:00:01]} 3. Bb5 {[%emt 0:00:01]} Nf6 {[%emt 0:00:01]} 4. d3 {[%emt 0:00:01]} Bc5 {[%emt 0:00:01]} 5. Bxc6 {[%emt 0:00:00]} dxc6 {[%emt 0:00:01]} 6. Nbd2 {[%emt 0:00:05]} Be6 {[%emt 0:00:01]} 7. O-O {[%emt 0:00:01]} Bd6 {[%emt 0:00:02]} 8. Nb3 {[%emt 0:00:01]} c5 {[%emt 0:00:04]} 9. Na5 {[%emt 0:00:01]} Rb8 {[%emt 0:00:01]} 10. Qe2 {[%emt 0:00:02]} Qe7 {[%emt 0:00:01]} 11. a4 {[%emt 0:00:03]} O-O {[%emt 0:00:04]} 12. Ng5 {[%emt 0:00:04]} Bg4 {[%emt 0:00:03] Bauernklopper resigns Sauerbruch resigns (Lag: Av=0.05s, max=0.1s)} 0-1

[Event "Test Tournament"]
[Site "Emanuel Lasker Arena"]
[Date "2024.04.09"]
[Round "1"]
[White "Schachmatz"]
[Black "NicholasRenzi"]
[Result "1-0"]
[WhiteElo "1620"]
[BlackElo "2016"]
[Annotator "RC"]
[PlyCount "45"]
[EventDate "2024.04.09"]
[EventType "swiss (blitz)"]

1. e4 {[%emt 0:00:01]} e5 {[%emt 0:00:01]} 2. f4 {[%emt 0:00:01]} Nf6 {[%emt 0:00:01]} 3. fxe5 {[%emt 0:00:01]} Nxe4 {[%emt 0:00:01]} 4. Nf3 {[%emt 0:00:01]} Ng5 {[%emt 0:00:01]} 5. Nc3 {[%emt 0:00:09]} Nc6 {[%emt 0:00:01]} 6. h4 {[%emt 0:00:03]} Nd4 {[%emt 0:00:07]} 7. Nxd4 {[%emt 0:00:01]} Ne6 {[%emt 0:00:02]} 8. Ncb5 {[%emt 0:00:03]} Bc5 {[%emt 0:00:04]} 9. Qg4 {[%emt 0:00:03]} O-O {[%emt 0:00:03]} 10. Nxe6 {[%emt 0:00:01]} fxe6 {[%emt 0:00:01]} 11. Bd3 {[%emt 0:00:03]} Rf2 {[%emt 0:00:03]} 12. h5 {[%emt 0:00:03]} h6 {[%emt 0:00:03]} 13. b4 {[%emt 0:00:03]} a6 {[%emt 0:00:12]} 14. bxc5 {[%emt 0:00:01]} axb5 {[%emt 0:00:01]} 15. Kxf2 {[%emt 0:00:01]} Qf8+ {[%emt 0:00:01]} 16. Ke3 {[%emt 0:00:02]} b4 {[%emt 0:00:01]} 17. Qxb4 {[%emt 0:00:00]} c6 {[%emt 0:00:01]} 18. Rf1 {[%emt 0:00:03]} Qe7 {[%emt 0:00:02]} 19. Qg4 {[%emt 0:00:03]} Ra7 {[%emt 0:00:01]} 20. Qg6 {[%emt 0:00:02]} Qxc5+ {[%emt 0:00:01]} 21. Ke2 {[%emt 0:00:01]} Qxe5+ {[%emt 0:00:01]} 22. Be4 {[%emt 0:00:01]} Qxa1 {[%emt 0:00:01]} 23. Qh7# {[%emt 0:00:01] (Lag: Av=0.08s, max=0.5s)} 1-0

[Event "Test Tournament"]
[Site "Emanuel Lasker Arena"]
[Date "2024.04.09"]
[Round "1"]
[White "Schachmatz"]
[Black "Patemkin"]
[Result "0-1"]
[WhiteElo "1620"]
[BlackElo "1680"]
[Annotator "NA RC"]
[PlyCount "50"]
[EventDate "2024.04.09"]
[EventType "swiss (blitz)"]

1. e4 {[%emt 0:00:01]} e5 {[%emt 0:00:01]} 2. f4 {[%emt 0:00:01]} exf4 {[%emt 0:00:01]} 3. Nf3 {[%emt 0:00:01]} Nf6 {[%emt 0:00:01]} 4. e5 {[%emt 0:00:01]} Nh5 {[%emt 0:00:01]} 5. d4 {[%emt 0:00:01]} d5 {[%emt 0:00:01]} 6. c4 {[%emt 0:00:01]} c6 {[%emt 0:00:01]} 7. Bd3 {[%emt 0:00:01]} Bb4+ {[%emt 0:00:02]} 8. Ke2 {[%emt 0:00:04]} Be6 {[%emt 0:00:04]} 9. g4 {[%emt 0:00:05]} f6 {[%emt 0:00:04]} 10. gxh5 {[%emt 0:00:01]} fxe5 {[%emt 0:00:01]} 11. Nxe5 {[%emt 0:00:01]} Nd7 {[%emt 0:00:04]} 12. Bxf4 {[%emt 0:00:01]} Nxe5 {[%emt 0:00:01]} 13. Bxe5 {[%emt 0:00:01]} Bg4+ {[%emt 0:00:01]} 14. Kf2 {[%emt 0:00:01]} O-O+ {[%emt 0:00:03]} 15. Kg3 {[%emt 0:00:03]} Bxd1 {[%emt 0:00:01]} 16. Rxd1 {[%emt 0:00:01]} Qg5+ {[%emt 0:00:01]} 17. Kh3 {[%emt 0:00:01]} Qxh5+ {[%emt 0:00:01]} 18. Kg2 {[%emt 0:00:01]} Qf3+ {[%emt 0:00:01]} 19. Kg1 {[%emt 0:00:01]} Qxd1+ {[%emt 0:00:00]} 20. Kg2 {[%emt 0:00:01]} Qf3+ {[%emt 0:00:01]} 21. Kg1 {[%emt 0:00:00]} Qxd3 {[%emt 0:00:01]} 22. Nc3 {[%emt 0:00:02]} Bxc3 {[%emt 0:00:01]} 23. bxc3 {[%emt 0:00:01]} Qxc3 {[%emt 0:00:01]} 24. Kg2 {[%emt 0:00:02]} Qxa1 {[%emt 0:00:01]} 25. a4 {[%emt 0:00:02]} Qf1+ {[%emt 0:00:02] Schachmatz resigns (Lag: Av=0.09s, max=1.1s)} 0-1

[Event "Test Tournament"]
[Site "Emanuel Lasker Arena"]
[Date "2024.04.09"]
[Round "1"]
[White "Schachmatz"]
[Black "Jed Bartlet"]
[Result "1-0"]
[WhiteElo "1620"]
[BlackElo "2159"]
[Annotator "RC"]
[PlyCount "20"]
[EventDate "2024.04.09"]
[EventType "swiss (blitz)"]

1. e4 {[%emt 0:00:01]} e5 {[%emt 0:00:01]} 2. f4 {[%emt 0:00:01]} exf4 {[%emt 0:00:01]} 3. Nf3 {[%emt 0:00:01]} Ne7 {[%emt 0:00:01]} 4. d4 {[%emt 0:00:01]} d5 {[%emt 0:00:01]} 5. Nc3 {[%emt 0:00:00]} dxe4 {[%emt 0:00:01]} 6. Nxe4 {[%emt 0:00:01]} Ng6 {[%emt 0:00:01]} 7. h4 {[%emt 0:00:02]} h5 {[%emt 0:00:01]} 8. Qe2 {[%emt 0:00:06]} Be7 {[%emt 0:00:04]} 9. Bd2 {[%emt 0:00:04]} Bg4 {[%emt 0:00:04]} 10. Qc4 {[%emt 0:00:03]} Nc6 {[%emt 0:00:04] Schachmatz resigns (Lag: Av=0.05s, max=0.1s) Jed Bartlet resigns} 1-0

[Event "Test Tournament"]
[Site "Emanuel Lasker Arena"]
[Date "2024.04.09"]
[Round "1"]
[White "Stachelrochade"]
[Black "LiliBeth"]
[Result "1-0"]
[WhiteElo "1620"]
[BlackElo "1853"]
[Annotator "NA RC"]
[PlyCount "39"]
[EventDate "2024.04.09"]
[EventType "swiss (blitz)"]

1. d4 {[%emt 0:00:01]} d5 {[%emt 0:00:02]} 2. c4 {[%emt 0:00:01]} e6 {[%emt 0:00:00]} 3. Nf3 {[%emt 0:00:01]} Nf6 {[%emt 0:00:01]} 4. g3 {[%emt 0:00:01]} Be7 {[%emt 0:00:01]} 5. Bg2 {[%emt 0:00:01]} O-O {[%emt 0:00:02]} 6. O-O {[%emt 0:00:01]} dxc4 {[%emt 0:00:02]} 7. Qc2 {[%emt 0:00:01]} a6 {[%emt 0:00:01]} 8. a4 {[%emt 0:00:01]} Bd7 {[%emt 0:00:01]} 9. Ne5 {[%emt 0:00:01]} c5 {[%emt 0:00:01]} 10. dxc5 {[%emt 0:00:05]} Bxc5 {[%emt 0:00:01]} 11. Bxb7 {[%emt 0:00:01]} Ra7 {[%emt 0:00:01]} 12. Bf3 {[%emt 0:00:04]} Qb6 {[%emt 0:00:04]} 13. Qxc4 {[%emt 0:00:01]} Bd4 {[%emt 0:00:03]} 14. Bf4 {[%emt 0:00:03]} Bxb2 {[%emt 0:00:01]} 15. Be3 {[%emt 0:00:06]} Qd6 {[%emt 0:00:04]} 16. Bxa7 {[%emt 0:00:01]} Bxa1 {[%emt 0:00:01]} 17. Nxd7 {[%emt 0:00:01]} Nbxd7 {[%emt 0:00:01]} 18. Qc6 {[%emt 0:00:03]} Qb4 {[%emt 0:00:03]} 19. Qxa6 {[%emt 0:00:01]} Ne4 {[%emt 0:00:04]} 20. Qb5 {[%emt 0:00:02] Time ' (Lag: Av=0.06s, max=0.4s)} 1-0

[Event "Test Tournament"]
[Site "Emanuel Lasker Arena"]
[Date "2024.04.09"]
[Round "1"]
[White "Stachelrochade"]
[Black "Klaus Junge"]
[Result "1-0"]
[WhiteElo "1620"]
[BlackElo "1620"]
[Annotator "NA RC"]
[PlyCount "93"]
[EventDate "2024.04.09"]
[EventType "swiss (blitz)"]

1. d4 {[%emt 0:00:01]} f5 {[%emt 0:00:01]} 2. c4 {[%emt 0:00:01]} Nf6 {[%emt 0:00:01]} 3. Nf3 {[%emt 0:00:01]} g6 {[%emt 0:00:05]} 4. Nc3 {[%emt 0:00:06]} d6 {[%emt 0:00:01]} 5. e3 {[%emt 0:00:01]} Bg7 {[%emt 0:00:00]} 6. b4 {[%emt 0:00:04]} O-O {[%emt 0:00:01]} 7. Be2 {[%emt 0:00:01]} e5 {[%emt 0:00:04]} 8. dxe5 {[%emt 0:00:01]} dxe5 {[%emt 0:00:01]} 9. Nxe5 {[%emt 0:00:01]} Qxd1+ {[%emt 0:00:01]} 10. Kxd1 {[%emt 0:00:01]} Re8 {[%emt 0:00:01]} 11. f4 {[%emt 0:00:04]} c5 {[%emt 0:00:04]} 12. a3 {[%emt 0:00:03]} Ng4 {[%emt 0:00:03]} 13. Bxg4 {[%emt 0:00:03]} fxg4 {[%emt 0:00:01]} 14. Rf1 {[%emt 0:00:03]} Bf5 {[%emt 0:00:03]} 15. e4 {[%emt 0:00:02]} Rd8+ {[%emt 0:00:03]} 16. Ke1 {[%emt 0:00:02]} a5 {[%emt 0:00:03]} 17. b5 {[%emt 0:00:01]} Be6 {[%emt 0:00:03]} 18. Nd5 {[%emt 0:00:03]} h5 {[%emt 0:00:02]} 19. Be3 {[%emt 0:00:02]} g5 {[%emt 0:00:02]} 20. Rd1 {[%emt 0:00:02]} Nd7 {[%emt 0:00:02]} 21. f5 {[%emt 0:00:01]} Bxd5 {[%emt 0:00:01]} 22. Nxd7 {[%emt 0:00:01]} Bxc4 {[%emt 0:00:01]} 23. e5 {[%emt 0:00:01]} Bxe5 {[%emt 0:00:01]} 24. Bxc5 {[%emt 0:00:01]} Bc3+ {[%emt 0:00:01]} 25. Kf2 {[%emt 0:00:01]} Bxf1 {[%emt 0:00:01]} 26. Kxf1 {[%emt 0:00:01]} Rac8 {[%emt 0:00:02]} 27. Rd6 {[%emt 0:00:01]} Rxd7 {[%emt 0:00:01]} 28. Rxd7 {[%emt 0:00:01]} Rxc5 {[%emt 0:00:01]} 29. Rxb7 {[%emt 0:00:01]} Bd4 {[%emt 0:00:01]} 30. b6 {[%emt 0:00:01]} Rc2 {[%emt 0:00:01]} 31. Rb8+ {[%emt 0:00:01]} Kf7 {[%emt 0:00:01]} 32. b7 {[%emt 0:00:01]} Be5 {[%emt 0:00:01]} 33. Ra8 {[%emt 0:00:01]} Rb2 {[%emt 0:00:01]} 34. Rxa5 {[%emt 0:00:01]} Kf6 {[%emt 0:00:01]} 35. Ra6+ {[%emt 0:00:01]} Kxf5 {[%emt 0:00:00]} 36. Rg6 {[%emt 0:00:01]} Kxg6 {[%emt 0:00:01]} 37. a4 {[%emt 0:00:00]} h4 {[%emt 0:00:01]} 38. Kg1 {[%emt 0:00:01]} Bd4+ {[%emt 0:00:01]} 39. Kf1 {[%emt 0:00:01]} g3 {[%emt 0:00:01]} 40. hxg3 {[%emt 0:00:01]} hxg3 {[%emt 0:00:01]} 41. a5 {[%emt 0:00:01]} Ba7 {[%emt 0:00:01]} 42. a6 {[%emt 0:00:00]} Kf5 {[%emt 0:00:01]} 43. Ke1 {[%emt 0:00:00]} Ke4 {[%emt 0:00:01]} 44. Kf1 {[%emt 0:00:00]} Kd3 {[%emt 0:00:01]} 45. Ke1 {[%emt 0:00:00]} Rxg2 {[%emt 0:00:01]} 46. Kf1 {[%emt 0:00:00]} Ra2 {[%emt 0:00:01] '} 47. b8=R {[%emt 0:00:01] (Lag: Av=0.07s, max=0.6s)} 1-0

[Event "Test Tournament"]
[Site "Emanuel Lasker Arena"]
[Date "2024.04.09"]
[Round "1"]
[White "Stratospheric"]
[Black "Knightess"]
[Result "1-0"]
[WhiteElo "1620"]
[BlackElo "1620"]
[Annotator "NA RC"]
[PlyCount "35"]
[EventDate "2024.04.09"]
[EventType "swiss (blitz)"]

1. d4 {[%emt 0:00:01]} f5 {[%emt 0:00:01]} 2. c4 {[%emt 0:00:01]} Nf6 {[%emt 0:00:02]} 3. Nf3 {[%emt 0:00:05]} g6 {[%emt 0:00:01]} 4. g3 {[%emt 0:00:01]} Bg7 {[%emt 0:00:02]} 5. Bg2 {[%emt 0:00:01]} O-O {[%emt 0:00:02]} 6. Nc3 {[%emt 0:00:01]} d6 {[%emt 0:00:01]} 7. O-O {[%emt 0:00:01]} Qe8 {[%emt 0:00:01]} 8. c5 {[%emt 0:00:08]} Nc6 {[%emt 0:00:01]} 9. Qb3+ {[%emt 0:00:01]} Kh8 {[%emt 0:00:02]} 10. d5 {[%emt 0:00:03]} Na5 {[%emt 0:00:04]} 11. Qb4 {[%emt 0:00:02]} Qc6 {[%emt 0:00:08]} 12. dxc6 {[%emt 0:00:01]} Nxc6 {[%emt 0:00:01]} 13. Qa4 {[%emt 0:00:03]} h5 {[%emt 0:00:03]} 14. cxd6 {[%emt 0:00:02]} cxd6 {[%emt 0:00:01]} 15. Nh4 {[%emt 0:00:02]} Rd8 {[%emt 0:00:03]} 16. Nxg6+ {[%emt 0:00:02]} Kh7 {[%emt 0:00:01]} 17. Nxe7 {[%emt 0:00:01]} Nxe7 {[%emt 0:00:01]} 18. Bg5 {[%emt 0:00:02] Knightess resigns (Lag: Av=0.07s, max=0.3s)} 1-0

[Event "Test Tournament"]
[Site "Emanuel Lasker Arena"]
[Date "2024.04.09"]
[Round "1"]
[White "Stratospheric"]
[Black "Girlfriend Chess"]
[Result "1-0"]
[WhiteElo "1620"]
[BlackElo "1753"]
[Annotator "NA RC"]
[PlyCount "51"]
[EventDate "2024.04.09"]
[EventType "swiss (blitz)"]

1. d4 {[%emt 0:00:01]} Nf6 {[%emt 0:00:01]} 2. c4 {[%emt 0:00:01]} g6 {[%emt 0:00:01]} 3. Nc3 {[%emt 0:00:01]} d5 {[%emt 0:00:01]} 4. Nf3 {[%emt 0:00:01]} Bg7 {[%emt 0:00:01]} 5. h4 {[%emt 0:00:00]} dxc4 {[%emt 0:00:01]} 6. e4 {[%emt 0:00:01]} c5 {[%emt 0:00:01]} 7. d5 {[%emt 0:00:01]} Qa5 {[%emt 0:00:01]} 8. e5 {[%emt 0:00:01]} Bf5 {[%emt 0:00:03]} 9. Bxc4 {[%emt 0:00:01]} Ng4 {[%emt 0:00:02]} 10. Qe2 {[%emt 0:00:02]} Nd7 {[%emt 0:00:02]} 11. Bf4 {[%emt 0:00:07]} O-O {[%emt 0:00:02]} 12. O-O {[%emt 0:00:04]} e6 {[%emt 0:00:04]} 13. Nb5 {[%emt 0:00:04]} a6 {[%emt 0:00:03]} 14. dxe6 {[%emt 0:00:04]} axb5 {[%emt 0:00:01]} 15. exf7+ {[%emt 0:00:01]} Rxf7 {[%emt 0:00:00]} 16. Bxf7+ {[%emt 0:00:01]} Kxf7 {[%emt 0:00:00]} 17. e6+ {[%emt 0:00:01]} Kg8 {[%emt 0:00:03]} 18. exd7 {[%emt 0:00:01]} Bxd7 {[%emt 0:00:00]} 19. Ne5 {[%emt 0:00:03]} Re8 {[%emt 0:00:03]} 20. Qd3 {[%emt 0:00:02]} Nxe5 {[%emt 0:00:01]} 21. Bxe5 {[%emt 0:00:01]} Be6 {[%emt 0:00:03]} 22. Bxg7 {[%emt 0:00:02]} Kxg7 {[%emt 0:00:01]} 23. Qd6 {[%emt 0:00:02]} Bf5 {[%emt 0:00:03]} 24. Qxc5 {[%emt 0:00:01]} Re4 {[%emt 0:00:02]} 25. f3 {[%emt 0:00:02]} Kh8 {[%emt 0:00:03]} 26. Qf8# {[%emt 0:00:01] (Lag: Av=0.06s, max=0.4s)} 1-0

[Event "Test Tournament"]
[Site "Emanuel Lasker Arena"]
[Date "2024.04.09"]
[Round "1"]
[White "Triskaidekaphobe"]
[Black "Roberta Draper"]
[Result "1-0"]
[WhiteElo "1620"]
[BlackElo "1620"]
[Annotator "NA RC"]
[PlyCount "75"]
[EventDate "2024.04.09"]
[EventType "swiss (blitz)"]

1. d4 {[%emt 0:00:01]} Nf6 {[%emt 0:00:01]} 2. c4 {[%emt 0:00:01]} e5 {[%emt 0:00:01]} 3. dxe5 {[%emt 0:00:01]} Ng4 {[%emt 0:00:01]} 4. Bf4 {[%emt 0:00:01]} g5 {[%emt 0:00:01]} 5. Bg3 {[%emt 0:00:01]} Bg7 {[%emt 0:00:01]} 6. Nf3 {[%emt 0:00:01]} Nc6 {[%emt 0:00:01]} 7. h4 {[%emt 0:00:01]} Ngxe5 {[%emt 0:00:01]} 8. Nxe5 {[%emt 0:00:01]} Nxe5 {[%emt 0:00:01]} 9. Nc3 {[%emt 0:00:01]} g4 {[%emt 0:00:01]} 10. Qc2 {[%emt 0:00:04]} O-O {[%emt 0:00:01]} 11. e3 {[%emt 0:00:02]} d6 {[%emt 0:00:04]} 12. O-O-O {[%emt 0:00:02]} Be6 {[%emt 0:00:02]} 13. Bxe5 {[%emt 0:00:01]} Bxe5 {[%emt 0:00:01]} 14. f4 {[%emt 0:00:08]} gxf3 {[%emt 0:00:04]} 15. gxf3 {[%emt 0:00:01]} b5 {[%emt 0:00:04]} 16. cxb5 {[%emt 0:00:01]} Qf6 {[%emt 0:00:03]} 17. f4 {[%emt 0:00:07]} Bxc3 {[%emt 0:00:01]} 18. bxc3 {[%emt 0:00:01]} a5 {[%emt 0:00:03]} 19. Bh3 {[%emt 0:00:02]} Bc4 {[%emt 0:00:03]} 20. Bd7 {[%emt 0:00:02]} d5 {[%emt 0:00:02]} 21. Bc6 {[%emt 0:00:02]} Rab8 {[%emt 0:00:03]} 22. a4 {[%emt 0:00:02]} Rfd8 {[%emt 0:00:02]} 23. Rd4 {[%emt 0:00:01]} h5 {[%emt 0:00:02]} 24. Rg1+ {[%emt 0:00:02]} Kf8 {[%emt 0:00:02]} 25. Qh7 {[%emt 0:00:01]} Ke7 {[%emt 0:00:02]} 26. Qxh5 {[%emt 0:00:01]} Rh8 {[%emt 0:00:02]} 27. Qg4 {[%emt 0:00:02]} Qd6 {[%emt 0:00:01]} 28. Qg5+ {[%emt 0:00:01]} f6 {[%emt 0:00:01]} 29. Qg7+ {[%emt 0:00:01]} Ke6 {[%emt 0:00:01]} 30. f5+ {[%emt 0:00:01]} Ke5 {[%emt 0:00:01]} 31. Qg3+ {[%emt 0:00:01]} Kxf5 {[%emt 0:00:00]} 32. Bd7+ {[%emt 0:00:01]} Qxd7 {[%emt 0:00:01]} 33. Qg4+ {[%emt 0:00:01]} Ke5 {[%emt 0:00:01]} 34. Qxd7 {[%emt 0:00:01]} Rbd8 {[%emt 0:00:01]} 35. Qe7+ {[%emt 0:00:01]} Kf5 {[%emt 0:00:01]} 36. Rgg4 {[%emt 0:00:01]} Rh5 {[%emt 0:00:01]} 37. Rgf4+ {[%emt 0:00:01]} Kg6 {[%emt 0:00:01]} 38. Rxf6# {[%emt 0:00:00] (Lag: Av=0.09s, max=0.7s)} 1-0

[Event "Test Tournament"]
[Site "Emanuel Lasker Arena"]
[Date "2024.04.09"]
[Round "1"]
[White "Botany"]
[Black "Stratospheric"]
[Result "1-0"]
[WhiteElo "1553"]
[BlackElo "1620"]
[Annotator "NA RC"]
[PlyCount "21"]
[EventDate "2024.04.09"]
[EventType "swiss (blitz)"]

1. c4 {[%emt 0:00:01]} c5 {[%emt 0:00:01]} 2. Nf3 {[%emt 0:00:01]} Nf6 {[%emt 0:00:01]} 3. g3 {[%emt 0:00:01]} d5 {[%emt 0:00:01]} 4. Bg2 {[%emt 0:00:01]} Nc6 {[%emt 0:00:01]} 5. O-O {[%emt 0:00:01]} d4 {[%emt 0:00:01]} 6. d3 {[%emt 0:00:01]} e5 {[%emt 0:00:01]} 7. Qa4 {[%emt 0:00:02]} Bd7 {[%emt 0:00:02]} 8. Bd2 {[%emt 0:00:04]} Bd6 {[%emt 0:00:04]} 9. Ng5 {[%emt 0:00:04]} O-O {[%emt 0:00:01]} 10. Bd5 {[%emt 0:00:03]} Nxd5 {[%emt 0:00:04]} 11. cxd5 {[%emt 0:00:01] Botany resigns Stratospheric resigns (Lag: Av=0.04s, max=0.1s)} 1-0